[Event "Pardubice Czech op-A 28th"]
[Site "Pardubice"]
[Date "2017.07.25"]
[Round "5"]
[White "Friedland, Moshe"]
[Black "Jansa, Vlastimil"]
[Result "0-1"]
[WhiteElo "2289"]
[BlackElo "2446"]
[PlyCount "130"]
[EventDate "2017.07.21"]
[EventType "swiss"]
[EventRounds "9"]
[EventCountry "CZE"]
[SourceTitle "CBM 179 Extra"]
[Source "ChessBase"]
[SourceDate "2017.08.23"]
[SourceVersion "1"]
[SourceVersionDate "2017.08.23"]
[SourceQuality "1"]

1. e4 c5 2. Nf3 e6 3. Nc3 a6 4. d4 cxd4 5. Nxd4 Nc6 6. Nxc6 bxc6 7. Bd3 d5 8. 0-0 Nf6 9. Re1 Be7 10. e5 Nd7 11. Qg4 Kf8 12. Na4 c5 13. c4 Qa5 14. Qd1 d4 15. b3 Bb7 16. Qe2 Qc7 17. Bd2 h5 18. Nb2 g6 19. Be4 Kg7 20. Nd3 a5 21. Rab1 Nb8 22. h4 Bxe4 23. Qxe4 Nc6 24. g3 Ra7 25. a4 Qb6 26. Rb2 Bd8 27. Kg2 Be7 28. Kg1 Rb7 29. Kg2 Qc7 30. Kg1 Rhb8 31. Reb1 Rb6 32. Qe1 Qa7 33. Qd1 Qa8 34. Qe1 R8b7 35. Qd1 Qb8 36. Bf4 Nb4 37. Nxb4 Rxb4 38. Qc2 R4b6 39. Qd3 Ra6 40. Qe4 Rab6 41. Qd3 Bd8 42. Bd2 Qxe5 43. Bxa5 Rd6 44. Bd2 Qf5 45. Qxf5 gxf5 46. b4 Ra6 47. a5 cxb4 48. Rxb4 Rxb4 49. Bxb4 e5 50. Kf1 Kf6 51. f4 e4 52. Bc5 d3 53. Bb6 Ke7 54. c5 Ra8 55. Kf2 Kd7 56. Ke3 Bf6 57. Rb3 Kc6 58. Rb1 Rg8 59. a6 Rxg3+ 60. Kf2 Bxh4 61. Bd8 e3+ 62. Kf1 Rf3+ 63. Kg1 Rxf4 64. Ra1 d2 65. Bxh4 e2 0-1

[Event "EU-ch U18 26th"]
[Site "Prague"]
[Date "2016.08.24"]
[Round "6"]
[White "Radulescu, Vlad Alexandru"]
[Black "Friedland, Moshe"]
[Result "1/2-1/2"]
[WhiteElo "2029"]
[BlackElo "2170"]
[PlyCount "161"]
[EventDate "2016.08.18"]
[EventType "swiss"]
[EventRounds "9"]
[EventCountry "CZE"]
[SourceTitle "CBM 174 Extra"]
[Source "ChessBase"]
[SourceDate "2016.10.10"]
[SourceVersion "1"]
[SourceVersionDate "2016.10.10"]
[SourceQuality "1"]

1. e4 c5 2. c4 Nc6 3. Nc3 g6 4. g3 Bg7 5. Bg2 e6 6. Nge2 Nge7 7. 0-0 0-0 8. a3 b6 9. Rb1 d6 10. d3 Bb7 11. Be3 Nd4 12. b4 Qd7 13. Qd2 f5 14. Bh6 fxe4 15. Nxd4 e3 16. fxe3 Bxh6 17. Nc2 Nf5 18. Rbe1 d5 19. Qe2 Rfe8 20. cxd5 exd5 21. Qg4 Bg7 22. d4 Rad8 23. Qd1 Nxe3 24. Nxe3 cxd4 25. Ncxd5 dxe3 26. Nxe3 Bd4 27. Qb3+ Bd5 28. Bxd5+ Qxd5 29. Qxd5+ Rxd5 30. Rf3 Rde5 31. Kf2 h5 32. h3 b5 33. Re2 Kg7 34. h4 R8e6 35. Re1 Re4 36. Re2 Re7 37. Re1 Re8 38. Re2 R8e6 39. Re1 Kh8 40. Rf8+ Kg7 41. Rf3 Kg8 42. Re2 R6e5 43. Re1 Re8 44. Re2 R8e6 45. Re1 Ra6 46. Kg2 Rxa3 47. Nc2 Rxe1 48. Nxe1 Ra2+ 49. Kh3 Rb2 50. Rf4 Bb6 51. Nf3 Rf2 52. Ne5 Rxf4 53. gxf4 Kg7 54. Kg3 Bc7 55. Kf3 Kf6 56. Ke4 Bd6 57. Nc6 a6 58. Kf3 Ke6 59. Ke4 Bc7 60. Ne5 Bd6 61. Nxg6 Bxb4 62. f5+ Kf6 63. Nf4 Be1 64. Nxh5+ Kf7 65. Nf4 Bxh4 66. Nd5 Bg3 67. Kd4 Bd6 68. Kc3 a5 69. Kb2 a4 70. Ka2 b4 71. Nb6 b3+ 72. Kb2 Be5+ 73. Ka3 Bd6+ 74. Kb2 Be5+ 75. Ka3 b2 76. Ka2 a3 77. Nc4 Kf6 78. Nxa3 Kxf5 79. Nc4 Bc3 80. Nxb2 Bxb2 81. Kxb2 1/2-1/2

[Event "EU-ch U18 26th"]
[Site "Prague"]
[Date "2016.08.19"]
[Round "2"]
[White "Maes, Tibo"]
[Black "Friedland, Moshe"]
[Result "0-1"]
[WhiteElo "1950"]
[BlackElo "2170"]
[PlyCount "54"]
[EventDate "2016.08.18"]
[EventType "swiss"]
[EventRounds "9"]
[EventCountry "CZE"]
[SourceTitle "CBM 174 Extra"]
[Source "ChessBase"]
[SourceDate "2016.10.10"]
[SourceVersion "1"]
[SourceVersionDate "2016.10.10"]
[SourceQuality "1"]

1. e4 c5 2. d4 cxd4 3. c3 dxc3 4. Nxc3 Nc6 5. Nf3 d6 6. Bc4 a6 7. 0-0 Nf6 8. Bf4 e5 9. Be3 Be7 10. b4 0-0 11. a3 Bg4 12. h3 Bh5 13. Bd5 Rc8 14. Rc1 Qd7 15. g4 Nxg4 16. Bxc6 Rxc6 17. Nxe5 Nxe3 18. Qxh5 dxe5 19. fxe3 Bg5 20. Nd5 Rxc1 21. Rxc1 Bxe3+ 22. Nxe3 Qd2 23. Rc7 Qxe3+ 24. Kh2 Qf2+ 25. Kh1 Rd8 26. Rc1 Qf4 27. Re1 Rd2 0-1